<?xml version="1.0" encoding="UTF-8"?>
<record
    xmlns:xsi="http://www.w3.org/2001/XMLSchema-instance"
    xsi:schemaLocation="http://www.loc.gov/MARC21/slim http://www.loc.gov/standards/marcxml/schema/MARC21slim.xsd"
    xmlns="http://www.loc.gov/MARC21/slim">

  <leader>02229njm a2200373Ia 4500</leader>
  <controlfield tag="001">F7985</controlfield>
  <controlfield tag="003">IT-RoPAU</controlfield>
  <controlfield tag="005">20220918181138.0</controlfield>
  <controlfield tag="008">131025s9999    xx            000 0 und d</controlfield>
  <datafield tag="040" ind1=" " ind2=" ">
    <subfield code="a">IT-RoPAU</subfield>
  </datafield>
  <datafield tag="040" ind1=" " ind2=" ">
    <subfield code="c">IT-RoPAU</subfield>
  </datafield>
  <datafield tag="041" ind1=" " ind2=" ">
    <subfield code="a">ITALIANO</subfield>
  </datafield>
  <datafield tag="999" ind1=" " ind2=" ">
    <subfield code="c">101105</subfield>
    <subfield code="d">101105</subfield>
  </datafield>
  <datafield tag="999" ind1=" " ind2=" ">
    <subfield code="b">n.d.</subfield>
  </datafield>
  <datafield tag="100" ind1=" " ind2=" ">
    <subfield code="a">AA.VV.</subfield>
    <subfield code="9">794</subfield>
  </datafield>
  <datafield tag="100" ind1=" " ind2=" ">
    <subfield code="e">Autore musica</subfield>
    <subfield code="9">32818</subfield>
  </datafield>
  <datafield tag="100" ind1=" " ind2=" ">
    <subfield code="g">Codice autore musica SPICS: 12000</subfield>
    <subfield code="9">796</subfield>
  </datafield>
  <datafield tag="245" ind1=" " ind2=" ">
    <subfield code="a">Io non so parlar d'amore</subfield>
  </datafield>
  <datafield tag="250" ind1=" " ind2=" ">
    <subfield code="a">1a ed.</subfield>
  </datafield>
  <datafield tag="260" ind1=" " ind2=" ">
    <subfield code="b">CLAN CELENTANO SRL</subfield>
    <subfield code="c">1999 [1a Ed.:1999 - Ed. Lingua Orig.: 1999]</subfield>
  </datafield>
  <datafield tag="300" ind1=" " ind2=" ">
    <subfield code="a">COMPACT DISC</subfield>
  </datafield>
  <datafield tag="300" ind1=" " ind2=" ">
    <subfield code="c">55 minuti (Testo: 0 pag.)</subfield>
  </datafield>
  <datafield tag="500" ind1=" " ind2=" ">
    <subfield code="a">Musica leggera. Canzone italiana.</subfield>
  </datafield>
  <datafield tag="505" ind1=" " ind2=" ">
    <subfield code="a">Gelosia (5:00) - L'emozione non ha voce (5:00) - L'arcobaleno (4:00) - Una rosa pericolosa (6:00) - Qual'&#xE8; la direzione (6:00) - Angel (6:00) - L'uomo di cartone (5:00) - Le pesche d'inverno (5:00) - Senza amore (5:00) - Il sospetto (5:00) - Mi domando (5:00) - Sarai uno straccio (6:00)</subfield>
  </datafield>
  <datafield tag="650" ind1=" " ind2=" ">
    <subfield code="a">CANZONE ITALIAN [COMPACT DISC]</subfield>
    <subfield code="e">Codice MATERIA SPICS: 9949</subfield>
    <subfield code="9">21937</subfield>
  </datafield>
  <datafield tag="700" ind1=" " ind2=" ">
    <subfield code="a">Celentano Adriano</subfield>
    <subfield code="g">Codice interprete SPICS: 10821</subfield>
    <subfield code="e">Interprete</subfield>
    <subfield code="9">32819</subfield>
  </datafield>
  <datafield tag="700" ind1=" " ind2=" ">
    <subfield code="a">Mogol (Rapetti Giulio)</subfield>
    <subfield code="g">Codice autore musica SPICS: 13643</subfield>
    <subfield code="e">Autore musica</subfield>
    <subfield code="p">Gelosia - L'emozione non ha voce - L'arcobaleno - Una rosa pericolosa - Qual'&#xE8; la direzione - L'uomo di cartone - Le pesche d'inverno - Il sospetto - Mi domando - Sarai uno straccio</subfield>
    <subfield code="9">32820</subfield>
  </datafield>
  <datafield tag="700" ind1=" " ind2=" ">
    <subfield code="a">Bella Gianni</subfield>
    <subfield code="g">Codice autore testo/musica SPICS: 13859</subfield>
    <subfield code="e">Autore testo/musica</subfield>
    <subfield code="p">Gelosia - L'emozione non ha voce - L'arcobaleno - Qual'&#xE8; la direzione - L'uomo di cartone - Le pesche d'inverno - Mi domando</subfield>
    <subfield code="9">32821</subfield>
  </datafield>
  <datafield tag="700" ind1=" " ind2=" ">
    <subfield code="a">Celentano Adriano</subfield>
    <subfield code="g">Codice autore testo/musica SPICS: 10821</subfield>
    <subfield code="e">Autore testo/musica</subfield>
    <subfield code="p">Una rosa pericolosa - Sarai uno straccio</subfield>
    <subfield code="9">32822</subfield>
  </datafield>
  <datafield tag="700" ind1=" " ind2=" ">
    <subfield code="a">Di Franco Matteo</subfield>
    <subfield code="g">Codice autore testo/musica SPICS: 53294</subfield>
    <subfield code="e">Autore testo/musica</subfield>
    <subfield code="p">Angel</subfield>
    <subfield code="9">32823</subfield>
  </datafield>
  <datafield tag="700" ind1=" " ind2=" ">
    <subfield code="a">Mazzoni Carlo</subfield>
    <subfield code="g">Codice autore testo/musica SPICS: 53296</subfield>
    <subfield code="e">Autore testo/musica</subfield>
    <subfield code="p">Senza amore</subfield>
    <subfield code="9">32824</subfield>
  </datafield>
  <datafield tag="700" ind1=" " ind2=" ">
    <subfield code="a">Zanotti Fio</subfield>
    <subfield code="g">Codice autore testo/musica SPICS: 23585</subfield>
    <subfield code="e">Autore testo/musica</subfield>
    <subfield code="p">Il sospetto</subfield>
    <subfield code="9">32825</subfield>
  </datafield>
  <datafield tag="700" ind1=" " ind2=" ">
    <subfield code="a">Vaccaro Marco</subfield>
    <subfield code="g">Codice autore SPICS: 53297</subfield>
    <subfield code="e">Autore</subfield>
    <subfield code="p">Sarai uno straccio</subfield>
    <subfield code="9">32826</subfield>
  </datafield>
  <datafield tag="942" ind1=" " ind2=" ">
    <subfield code="c">CD</subfield>
    <subfield code="2">ddc</subfield>
  </datafield>
  <datafield tag="952" ind1=" " ind2=" ">
    <subfield code="0">0</subfield>
    <subfield code="1">0</subfield>
    <subfield code="4">0</subfield>
    <subfield code="6">F_7985_000000000000000</subfield>
    <subfield code="7">1</subfield>
    <subfield code="a">SPICS</subfield>
    <subfield code="b">SPICS</subfield>
    <subfield code="d">2013-10-25</subfield>
    <subfield code="l">0</subfield>
    <subfield code="o">F7985</subfield>
    <subfield code="r">2013-10-25 00:00:00</subfield>
    <subfield code="w">2013-10-25</subfield>
    <subfield code="y">CD</subfield>
    <subfield code="z">Progr. Ins.: 22707 / N.Vol.: 1 / Copie: 1 - Copia rara: n.d. / date import: 01.01.2014 - By Epidotti, Trombetti, Vaglietti</subfield>
  </datafield>
</record>
